[Event "Verbandsliga Nordbaden 2223"]
[Site "Germany"]
[Date "2023.05.07"]
[Round "9.4"]
[White "Zimmer, Frank"]
[Black "Fromme, Simon"]
[Result "0-1"]
[WhiteElo "2098"]
[BlackElo "2073"]
[PlyCount "86"]
[EventDate "2022.09.25"]
[EventType "team-tourn"]
[EventRounds "9"]
[EventCountry "GER"]
[SourceTitle "EXT 2024"]
[Source "ChessBase"]
[SourceDate "2023.10.10"]
[SourceVersion "1"]
[SourceVersionDate "2023.10.10"]
[SourceQuality "1"]
[WhiteTeam "Mosbach"]
[BlackTeam "Ettlingen II"]
[WhiteTeamCountry "GER"]
[BlackTeamCountry "GER"]

1. e4 c5 2. Nf3 Nc6 3. Bb5 g6 4. 0-0 Bg7 5. Re1 Nf6 6. c3 a6 7. Bf1 d5 8. e5 Nd7 9. d4 0-0 10. Bg5 f6 11. exf6 Nxf6 12. Nbd2 cxd4 13. Nxd4 Nxd4 14. cxd4 Qb6 15. Nb3 Ne4 16. Be3 Bf5 17. Rc1 Rac8 18. f3 Nd6 19. Qd2 Nc4 20. Bxc4 dxc4 21. Nc5 Rfd8 22. Qf2 Qc6 23. Red1 b6 24. Nd3 Qa4 25. Nf4 Qxa2 26. g4 Bd7 27. Ra1 Qb3 28. Rd2 c3 29. bxc3 Rxc3 30. Re1 Bb5 31. d5 Bh6 32. Kg2 Rdc8 33. h4 Rc2 34. Red1 a5 35. g5 Bg7 36. Ne6 Be5 37. Bd4 Bd6 38. Bxb6 a4 39. Qd4 Qc3 40. Rxc2 Qxc2+ 41. Rd2 Qc3 42. Qf2 Qe5 43. Kh3 Bf1+ 0-1

[Event "Verbandsliga Nordbaden 2223"]
[Site "Germany"]
[Date "2023.03.05"]
[Round "7.6"]
[White "Mueller, Jens"]
[Black "Fromme, Simon"]
[Result "1-0"]
[WhiteElo "1934"]
[BlackElo "2073"]
[PlyCount "63"]
[EventDate "2022.09.25"]
[EventType "team-tourn"]
[EventRounds "9"]
[EventCountry "GER"]
[SourceTitle "EXT 2024"]
[Source "ChessBase"]
[SourceDate "2023.10.10"]
[SourceVersion "1"]
[SourceVersionDate "2023.10.10"]
[SourceQuality "1"]
[WhiteTeam "Weinheim"]
[BlackTeam "Ettlingen II"]
[WhiteTeamCountry "GER"]
[BlackTeamCountry "GER"]

1. e4 c5 2. d4 cxd4 3. c3 dxc3 4. Nxc3 Nc6 5. Nf3 e6 6. Bf4 a6 7. Be2 Nge7 8. h4 Ng6 9. Bg5 Be7 10. Qd2 f6 11. Be3 0-0 12. 0-0 b5 13. h5 Nge5 14. Nxe5 Nxe5 15. Nd5 Rb8 16. Nxe7+ Qxe7 17. Rfc1 d6 18. h6 g6 19. a4 Bd7 20. axb5 Bxb5 21. Bxb5 axb5 22. Ra7 Nd7 23. Rcc7 Rfd8 24. e5 Ra8 25. exf6 Qf7 26. Rxd7 Qxd7 27. Rxd7 Rxd7 28. g4 Kf7 29. Qc1 Rb8 30. Qc6 Rbb7 31. Qc8 Kxf6 32. Qh8+ 1-0

[Event "Verbandsliga Nordbaden 2223"]
[Site "Germany"]
[Date "2022.11.20"]
[Round "3.6"]
[White "Leibbrand, Udo Manfred"]
[Black "Fromme, Simon"]
[Result "1-0"]
[WhiteElo "2049"]
[BlackElo "2073"]
[PlyCount "65"]
[EventDate "2022.09.25"]
[EventType "team-tourn"]
[EventRounds "9"]
[EventCountry "GER"]
[SourceTitle "EXT 2024"]
[Source "ChessBase"]
[SourceDate "2023.10.10"]
[SourceVersion "1"]
[SourceVersionDate "2023.10.10"]
[SourceQuality "1"]
[WhiteTeam "Pforzheim"]
[BlackTeam "Ettlingen II"]
[WhiteTeamCountry "GER"]
[BlackTeamCountry "GER"]

1. c4 e5 2. Nc3 Nf6 3. Nf3 Nc6 4. e3 Bb4 5. Qc2 d6 6. Be2 0-0 7. d4 e4 8. Nd2 Re8 9. h3 a6 10. b3 Bf5 11. Bb2 Bg6 12. Nf1 d5 13. a3 Bf8 14. g4 dxc4 15. bxc4 Nxd4 16. exd4 e3 17. Qd1 exf2+ 18. Kxf2 Ne4+ 19. Nxe4 Bxe4 20. Bf3 Qh4+ 21. Kg2 f5 22. Kg1 Bd6 23. c5 Bf4 24. Bc1 Bg3 25. Ra2 Bxf3 26. Qxf3 Re1 27. Bg5 Qxg5 28. Qxg3 Qc1 29. Rf2 Rae8 30. Qf4 Qxa3 31. Kg2 Qb3 32. Qxf5 a5 33. Nd2 1-0

[Event "Verbandsliga Nordbaden 1516"]
[Site "Baden"]
[Date "2016.02.14"]
[Round "6.5"]
[White "Maehrlein, Christoph"]
[Black "Fromme, Simon"]
[Result "1-0"]
[WhiteElo "2106"]
[BlackElo "2073"]
[PlyCount "57"]
[EventDate "2015.09.27"]
[EventType "team-tourn"]
[EventRounds "9"]
[EventCountry "GER"]
[SourceTitle "EXT 2022"]
[Source "ChessBase"]
[SourceDate "2021.10.06"]
[SourceVersion "1"]
[SourceVersionDate "2021.10.06"]
[SourceQuality "1"]
[WhiteTeam "Pforzheim"]
[BlackTeam "Ettlingen II"]
[WhiteTeamCountry "GER"]
[BlackTeamCountry "GER"]

1. d4 Nf6 2. c4 e6 3. Nc3 Bb4 4. f3 c5 5. d5 b5 6. e4 0-0 7. Bd2 bxc4 8. Bxc4 Nxd5 9. Nxd5 exd5 10. Bxd5 Nc6 11. Ne2 Ba6 12. Bxb4 cxb4 13. Qd2 Qb6 14. 0-0-0 Rac8 15. Kb1 Na5 16. Nd4 Bc4 17. Nf5 Qf6 18. Qd4 Qxd4 19. Rxd4 Bxd5 20. Ne7+ Kh8 21. Rxd5 Rce8 22. Rxd7 Ra8 23. Rc1 Rfd8 24. Rdc7 b3 25. Nd5 bxa2+ 26. Kxa2 Rab8 27. Rxf7 Rbc8 28. Rfc7 Rxc7 29. Rxc7 1-0

[Event "Verbandsliga Nordbaden 1516"]
[Site "Baden"]
[Date "2015.11.22"]
[Round "3.8"]
[White "Hermann, Tobias"]
[Black "Fromme, Simon"]
[Result "0-1"]
[WhiteElo "1959"]
[BlackElo "2073"]
[PlyCount "72"]
[EventDate "2015.09.27"]
[EventType "team-tourn"]
[EventRounds "9"]
[EventCountry "GER"]
[SourceTitle "EXT 2022"]
[Source "ChessBase"]
[SourceDate "2021.10.06"]
[SourceVersion "1"]
[SourceVersionDate "2021.10.06"]
[SourceQuality "1"]
[WhiteTeam "Eppingen II"]
[BlackTeam "Ettlingen II"]
[WhiteTeamCountry "GER"]
[BlackTeamCountry "GER"]

1. c4 e5 2. Nc3 Nf6 3. g3 d5 4. cxd5 Nxd5 5. Bg2 Nb6 6. Nf3 Nc6 7. 0-0 Be7 8. a3 0-0 9. b4 Be6 10. d3 f6 11. Bb2 a5 12. b5 Nd4 13. Nd2 c6 14. bxc6 Nxc6 15. Na4 Rb8 16. Bc3 Nd5 17. Ne4 b5 18. Nac5 Bf7 19. Qb3 f5 20. Na6 Rb6 21. Nec5 Nc7 22. Qb2 Nxa6 23. Nxa6 Rxa6 24. Qxb5 Qb6 25. Bxc6 Qxc6 26. Qxc6 Rxc6 27. Bxe5 a4 28. Rfc1 Rfc8 29. Rxc6 Rxc6 30. Rb1 Bb3 31. Bb2 Rc2 32. Kf1 Ba2 33. Rc1 Rxb2 34. Rc8+ Kf7 35. Ra8 Bd5 36. Rxa4 Rb1# 0-1

[Event "Winnipeg TNT February op"]
[Site "Winnipeg"]
[Date "2008.02.19"]
[Round "3"]
[White "Fromme, Simon"]
[Black "Greenberg, Harley"]
[Result "1-0"]
[WhiteElo "2091"]
[BlackElo "1784"]
[PlyCount "69"]
[EventDate "2008.02.05"]
[EventType "swiss"]
[EventRounds "4"]
[EventCountry "CAN"]
[SourceTitle "EXT 2011"]
[Source "ChessBase"]
[SourceDate "2010.11.26"]
[SourceVersion "1"]
[SourceVersionDate "2010.11.26"]
[SourceQuality "1"]

1. e4 c5 2. Nf3 Nc6 3. d4 cxd4 4. Nxd4 Nf6 5. Nc3 e5 6. Ndb5 d6 7. Bg5 a6 8. Na3 b5 9. Nd5 Be7 10. Bxf6 Bxf6 11. c3 Bg5 12. Nc2 0-0 13. a4 bxa4 14. Rxa4 a5 15. h4 Bh6 16. Bc4 Kh8 17. Nce3 Ne7 18. Nxe7 Qxe7 19. Bd5 Rb8 20. Nc4 Ba6 21. b3 Qc7 22. 0-0 f5 23. exf5 Qe7 24. Qc2 Rb5 25. Rd1 Rxd5 26. Rxd5 Bb7 27. Rxd6 Qxh4 28. Nxa5 Bf4 29. Rxf4 Qxf4 30. Nxb7 e4 31. Qd2 e3 32. Qxe3 Qxf5 33. Rd8 Rxd8 34. Nxd8 Qd7 35. Qd4 1-0

[Event "Winnipeg TNT February op"]
[Site "Winnipeg"]
[Date "2008.02.12"]
[Round "2"]
[White "Wiebe, Daniel"]
[Black "Fromme, Simon"]
[Result "1-0"]
[WhiteElo "1848"]
[BlackElo "2091"]
[PlyCount "94"]
[EventDate "2008.02.05"]
[EventType "swiss"]
[EventRounds "4"]
[EventCountry "CAN"]
[SourceTitle "EXT 2011"]
[Source "ChessBase"]
[SourceDate "2010.11.26"]
[SourceVersion "1"]
[SourceVersionDate "2010.11.26"]
[SourceQuality "1"]

1. e4 c5 2. Nf3 Nc6 3. d4 cxd4 4. Nxd4 Nf6 5. Nc3 e5 6. Ndb5 d6 7. Na3 Be7 8. Bc4 a6 9. 0-0 0-0 10. Kh1 b5 11. Bd5 Bb7 12. Ne2 Nxd5 13. Qxd5 Qd7 14. Qd1 f5 15. c4 b4 16. Nc2 fxe4 17. Ne3 Kh8 18. Nd5 Qd8 19. Be3 Bg5 20. Ng3 Bxe3 21. fxe3 a5 22. b3 Ne7 23. Rxf8+ Qxf8 24. Nc7 Rc8 25. Qxd6 Qd8 26. Nb5 Qxd6 27. Nxd6 Rc7 28. Nxb7 Rxb7 29. Rd1 h6 30. Nxe4 Nf5 31. Rd3 Rf7 32. g3 Kh7 33. Kg2 Kg6 34. Nd6 Rd7 35. c5 e4 36. Rd2 Nxe3+ 37. Kf2 Ng4+ 38. Ke2 Nxh2 39. Nxe4 Rxd2+ 40. Kxd2 Kf5 41. c6 Ke6 42. Kd3 Nf3 43. Kc4 Ne5+ 44. Kc5 Nxc6 45. Kxc6 Kf5 46. Nd2 Kg4 47. Nf1 Kf3 1-0

[Event "Saale-Herbst op 3rd"]
[Site "Halle/Saale"]
[Date "2006.10.28"]
[Round "7"]
[White "Fromme, Simon"]
[Black "Guenther, Christian1111"]
[Result "0-1"]
[WhiteElo "1838"]
[BlackElo "2015"]
[PlyCount "84"]
[EventDate "2006.10.25"]
[EventType "swiss"]
[EventRounds "7"]
[EventCountry "GER"]
[SourceTitle "EXT 2019"]
[Source "ChessBase"]
[SourceDate "2018.10.10"]
[SourceVersion "1"]
[SourceVersionDate "2018.10.10"]
[SourceQuality "1"]

1. e4 c5 2. Nf3 d6 3. d4 cxd4 4. Nxd4 Nf6 5. Nc3 a6 6. Be2 e5 7. Nb3 Be6 8. Bg5 Nbd7 9. Qd2 Qc7 10. 0-0 b5 11. Bxf6 Nxf6 12. a3 Be7 13. Kh1 0-0 14. f3 Rac8 15. Rac1 Rfd8 16. Nd5 Nxd5 17. exd5 Bd7 18. f4 h6 19. Bd3 Rf8 20. g3 f5 21. Be2 Bf6 22. c3 Kh8 23. Rce1 Rce8 24. Bd3 Bc8 25. Qc2 g6 26. Nd2 Bb7 27. Qb3 Qf7 28. c4 Rc8 29. Kg1 e4 30. Be2 bxc4 31. Bxc4 Rc5 32. Qa2 Bxd5 33. Bxd5 Rxd5 34. b4 Rd3 35. Qxf7 Rxf7 36. Nb1 d5 37. Rc1 d4 38. Rc6 e3 39. Rxa6 e2 40. Re1 Rd1 41. Kf2 d3 42. Rd6 Rc7 0-1

[Event "GER-chT U12"]
[Site "Seifhennersdorf"]
[Date "2001.12.30"]
[Round "7.2"]
[White "Rietze, Clemens"]
[Black "Fromme, Simon"]
[Result "1-0"]
[WhiteElo "1361"]
[BlackElo "1267"]
[PlyCount "59"]
[EventDate "2001.12.27"]
[EventType "team"]
[EventRounds "7"]
[EventCountry "GER"]
[SourceTitle "EXT 2003"]
[Source "ChessBase"]
[SourceDate "2002.11.25"]
[SourceVersion "1"]
[SourceVersionDate "2002.11.25"]
[SourceQuality "1"]

1. e4 e5 2. Nc3 Nf6 3. f4 Nc6 4. Nf3 d6 5. Bc4 Bg4 6. 0-0 Nd4 7. Be2 Bxf3 8. Bxf3 c6 9. d3 Qb6 10. Kh1 Be7 11. Ne2 Rb8 12. Nxd4 Qxd4 13. fxe5 dxe5 14. Qe1 Bc5 15. Bd2 0-0 16. Bc3 Qd6 17. Qg3 Bd4 18. Bxd4 Qxd4 19. Be2 Qxb2 20. Rae1 Kh8 21. Qg5 Ng8 22. Rf3 f6 23. Qg4 Qxa2 24. Rg3 Qf7 25. Rf1 a5 26. d4 Rbe8 27. Bc4 Qc7 28. Bxg8 Rxg8 29. Rh3 exd4 30. Rxh7+ 1-0

[Event "GER-chT U12"]
[Site "Seifhennersdorf"]
[Date "2001.12.28"]
[Round "4.2"]
[White "Fromme, Simon"]
[Black "Lubbe, Nikolas"]
[Result "0-1"]
[WhiteElo "1267"]
[BlackElo "1660"]
[PlyCount "88"]
[EventDate "2001.12.27"]
[EventType "team"]
[EventRounds "7"]
[EventCountry "GER"]
[SourceTitle "EXT 2003"]
[Source "ChessBase"]
[SourceDate "2002.11.25"]
[SourceVersion "1"]
[SourceVersionDate "2002.11.25"]
[SourceQuality "1"]

1. e4 d5 2. exd5 Qxd5 3. Nc3 Qa5 4. Bc4 Nf6 5. d3 c6 6. Nge2 Bf5 7. Bd2 e6 8. a3 Qc7 9. Bf4 Bd6 10. Qd2 Nd5 11. Bxd5 exd5 12. 0-0 0-0 13. Bxd6 Qxd6 14. Qf4 Qxf4 15. Nxf4 Nd7 16. Nce2 g5 17. Ng3 Be6 18. Nxe6 fxe6 19. d4 e5 20. dxe5 Nxe5 21. b3 Rae8 22. Rae1 Re6 23. Kh1 Rfe8 24. h3 b6 25. Nf5 c5 26. Re3 Nf7 27. Rfe1 Rxe3 28. Rxe3 Rxe3 29. Nxe3 d4 30. Nc4 b5 31. Nd2 Nd6 32. Kg1 Kf7 33. Kf1 Ke6 34. Ke2 Kd5 35. f3 h6 36. g4 a5 37. Kd3 c4+ 38. bxc4+ bxc4+ 39. Ke2 a4 40. Nb1 c3 41. Kd3 Nc4 42. Ke2 Ke5 43. Kf2 Kf4 44. Ke2 Ne5 0-1

[Event "GER-chT U12"]
[Site "Seifhennersdorf"]
[Date "2001.12.27"]
[Round "2.2"]
[White "Hundehege, Tobias"]
[Black "Fromme, Simon"]
[Result "1-0"]
[WhiteElo "950"]
[BlackElo "1267"]
[PlyCount "99"]
[EventDate "2001.12.27"]
[EventType "team"]
[EventRounds "7"]
[EventCountry "GER"]
[SourceTitle "EXT 2003"]
[Source "ChessBase"]
[SourceDate "2002.11.25"]
[SourceVersion "1"]
[SourceVersionDate "2002.11.25"]
[SourceQuality "1"]

1. d4 d5 2. c4 e6 3. Nf3 Nf6 4. Bg5 Be7 5. Nc3 Nbd7 6. e3 c5 7. Bd3 b6 8. 0-0 Bb7 9. b3 Bc6 10. h3 h6 11. Bh4 0-0 12. Re1 Nh7 13. Bxe7 Qxe7 14. Bxh7+ Kxh7 15. Qd3+ Kg8 16. e4 dxe4 17. Nxe4 Rfd8 18. Qe3 Bxe4 19. Qxe4 Nf6 20. Qe3 cxd4 21. Nxd4 Qc5 22. Rad1 Rd7 23. Rd2 Rad8 24. Red1 e5 25. Nf3 Qxe3 26. fxe3 Rxd2 27. Rxd2 Rxd2 28. Nxd2 Kf8 29. Kf2 Ke7 30. Kf3 Kd6 31. Ne4+ Nxe4 32. Kxe4 g6 33. g4 f6 34. h4 Ke6 35. Kf3 f5 36. gxf5+ gxf5 37. e4 h5 38. exf5+ Kxf5 39. Kg3 e4 40. Kf2 Kg4 41. b4 Kxh4 42. c5 e3+ 43. Kxe3 Kg3 44. c6 h4 45. c7 h3 46. c8Q h2 47. Qg8+ Kh3 48. Qd5 Kg3 49. Qf3+ Kh4 50. Qg2 1-0